000 00681nam a2200181Ia 4500
008 090123s9999 xx 000 0 und d
082 _b17877
100 _aसहस्त्रबुध्दे प्रभाकर
245 _aस्क्रिन प्रिंटिंग
250 _a1
260 _bउद्यम प्रकाशन
_c1981
300 _a152
600 _aसहस्त्रबुध्दे प्रभाकर
630 _aस्क्रिन प्रिंटिंग
700 _aसहस्त्रबुध्दे प्रभाकर
730 _aस्क्रिन प्रिंटिंग
942 _cBOOK
999 _c55935
_d55935